书目信息 |
| 题名: |
大病预防先除湿热毒
|
|
| 作者: | 孔繁祥 著 | |
| 分册: | 2 | |
| 出版信息: | 长春 吉林科学技术出版社 2016 |
|
| 页数: | 254页 | |
| 开本: | 24cm | |
| 丛书名: | ||
| 单 册: | ||
| 中图分类: | R228 , R22 | |
| 科图分类: | ||
| 主题词: | 湿热 (中医)--Shi Re ( Zhong Yi )--防治 | |
| 电子资源: | ||
| ISBN: | 978-7-5384-9540-9 | |
| 000 | 00944nam0 2200253 450 | |
| 001 | 1650530624 | |
| 005 | 20161005154019.81 | |
| 010 | @a978-7-5384-9540-9@dCNY29.90 | |
| 100 | @a20160305d2016 em y0chiy0120 ea | |
| 101 | 0 | @achi |
| 102 | @aCN@b220000 | |
| 105 | @ay z 000yy | |
| 106 | @ar | |
| 200 | 1 | @a大病预防先除湿热毒@ADa Bing Yu Fang Xian Chu Shi Re Du@h2@f孔繁祥著 |
| 210 | @a长春@c吉林科学技术出版社@d2016 | |
| 215 | @a254页@d24cm | |
| 330 | @a湿热病起病缓慢隐匿,病情绵长,且是很多疾病的致病因素,所以防治湿热袭身是防治诸多疾病,尤其是一些重大疾病的重要手段。所以本书就是告诉大家如何通过除湿热毒来预防大病,重病,重在讲究实用的方法,通过这些小方法即能起到很好的除湿热目的,继而达到防病保健的作用。 | |
| 333 | @a大众读者。 | |
| 606 | 0 | @a湿热 (中医)@AShi Re ( Zhong Yi )@x防治 |
| 690 | @aR228@v5 | |
| 690 | @aR22@v4 | |
| 701 | 0 | @a孔繁祥@AKong Fan Xiang@4著 |
| 801 | 0 | @aCN@b江苏新华@c20150511 |
| 905 | @aBZT@dR22@e49-2 | |
| 大病预防先除湿热毒.2/孔繁祥著.-长春:吉林科学技术出版社,2016 |
| 254页;24cm |
| 使用对象:大众读者。 |
| ISBN 978-7-5384-9540-9:CNY29.90 |
| 湿热病起病缓慢隐匿,病情绵长,且是很多疾病的致病因素,所以防治湿热袭身是防治诸多疾病,尤其是一些重大疾病的重要手段。所以本书就是告诉大家如何通过除湿热毒来预防大病,重病,重在讲究实用的方法,通过这些小方法即能起到很好的除湿热目的,继而达到防病保健的作用。 |
| ● |
| 相关链接 |
|
|
|
正题名:大病预防先除湿热毒
索取号:R22/49-2
 
预约/预借
| 序号 | 登录号 | 条形码 | 馆藏地/架位号 | 状态 | 备注 |
| 1 | 801773 | 2000801773 | 第二书库/ [索取号:R22/49-2] | 在馆 | |
| 2 | 801774 | 2000801774 | 第二书库/ [索取号:R22/49-2] | 在馆 | |
| 3 | 801775 | 2000801775 | 第二书库/ [索取号:R22/49-2] | 在馆 |